Online
Catalog

El mar contra el hambre : (Record no. 22741)

MARC details
000 -CABECERA
campo de control de longitud fija 00700nam a2200181 a 4500
001 - NÚMERO DE CONTROL
campo de control 000023244
005 - FECHA Y HORA DE LA ÚLTIMA TRANSACCIÓN
campo de control 20200930022102.0
008 - DATOS DE LONGITUD FIJA--INFORMACIÓN GENERAL
campo de control de longitud fija 101130s1983 ag r 000 0 spa d
020 ## - NÚMERO INTERNACIONAL ESTÁNDAR DEL LIBRO
Número Internacional Estándar del Libro 950050335
040 ## - FUENTE DE LA CATALOGACIÓN
Centro catalogador/agencia de origen DO-SdBNP
Lengua de catalogación spa
Centro/agencia transcriptor BNPHU
082 ## - NÚMERO DE LA CLASIFICACIÓN DECIMAL DEWEY
Número de clasificación xxx
Número de documento/Ítem I21m
100 1# - ENTRADA PRINCIPAL--NOMBRE DE PERSONA
Nombre de persona Idyll, C. P.
9 (RLIN) 47873
245 13 - MENCIÓN DE TÍTULO
Título El mar contra el hambre :
Resto del título cosechando los oceanos para alimentar un mundo hambriento /
Mención de responsabilidad, etc. C. P. Idyll ; introducción de Melville Bell Grosvenor.
260 ## - PUBLICACIÓN, DISTRIBUCIÓN, ETC.
Lugar de publicación, distribución, etc. Buenos Aires, Argentina :
Nombre del editor, distribuidor, etc. Corregidor Alternativas para América,
Fecha de publicación, distribución, etc. 1983.
300 ## - DESCRIPCIÓN FÍSICA
Extensión 214 p. ;
Dimensiones 20 cm.
534 ## - NOTA SOBRE LA VERSIÓN ORIGINAL
Encabezamiento principal del original The sea against hunger. haversting the oceans to feed a hungry world.
700 1# - PUNTO DE ACCESO ADICIONAL--NOMBRE DE PERSONA
Nombre de persona Bell Grosvenor, Melville
9 (RLIN) 47874
Holdings
Estado de retiro Estado de pérdida Restricciones de uso No para préstamo Código de colección Localización permanente Ubicación/localización actual Ubicación en estantería Fecha de adquisición Número de inventario Total de préstamos Signatura topográfica completa Código de barras Fecha visto por última vez Precio válido a partir de Tipo de ítem Koha
        Monografías: Libros y Folletos General General Depósito 30.11.2010 LF1   xxx I21m 23244-10 25.06.2020 25.06.2020 Préstamo en sala

Powered by Koha